| 000 | 00626nam a2200217 a 4500 | ||
|---|---|---|---|
| 001 | 3421 | ||
| 003 | CO-ViMGA | ||
| 008 | 141112s2004 ck r 000 u spa d | ||
| 020 | _a9586162443 | ||
| 040 |
_aCO-ViMGA _bspa _cCO-ViMGA |
||
| 082 | 0 | 4 | _a345.05 B375 |
| 100 | 1 |
_aBernal Cuellar, Jaime _953135 |
|
| 245 | 1 | 0 |
_aEl Proceso Penal / _cBernal Cuellar Jaime , Montealegre Lynett Eduardo |
| 250 | _a3a | ||
| 260 |
_aBogotá : _bUniversidad Externado de Colombia, _c1997 |
||
| 300 | _a586 p. 23 cm | ||
| 650 | 1 | 4 | _aDERECHO PENAL |
| 650 | 1 | 4 |
_aMontealegre Lynett, Eduardo _953137 |
| 650 | 1 | 4 | _aPROCESO PENAL |
| 942 |
_2ddc _cBK |
||
| 999 |
_c15469 _d15469 |
||